00890cam a2200277 a 45000010008000000030006000080050017000140080041000310100017000720200022000890400018001110430021001290500025001500820021001751000025001962450071002212600038002923000021003304400033003515040050003846000033004346100034004676500042005016500044005437000025005873560620GBCCL20241126110732.0980413s1998 wau b 000 0beng  a 98023396  a1576580180 (pbk.) aDLCcDLCdDLC aa-ii---ae-ie---00aBV3269.C32bB46 199800a266.0092aBbBEN1 aBenge, Janet,d1958-10aAmy Carmichael :brescuer of precious gems /cJanet & Geoff Benge. aSeattle, WA :bYWAM Pub.,cc1998. a203 p. ;c21 cm. 0aChristian heroes, then & now aIncludes bibliographical references (p. 203).10aCarmichael, Amy,d1867-1951.20aDohnavur FellowshipxHistory. 0aWomen missionarieszIndiaxBiography. 0aWomen missionarieszIrelandxBiography.1 aBenge, Geoff,d1954-